000
00319nam a2200109Ia 4500
008
160531s9999 xx 000 0 und d
100
_a
Basu, Ratan Lal.
245
_a
Material Progress, Ethics & Human Development
245
_c
by Ratan Lal Basu
260
_c
2011
856
_u
http://www.smashwords.com/books/view/61251
999
_c
295027
_d
295027